| Registos Bibliográficos associados ao registo de autoridade |
|
Etiqueta de registo: 00000nkm 2200025 450 001 2282262 003 http://id.bnportugal.gov.pt/bib/catbnp/2282262 100 ## $a20260320d1976 m y0pory01030103ba 101 0# $apor 102 ## $aPT 200 1# $aDireito ao trabalho, não à resignação, Associação dos Deficientes das Forças Armadas,
2.º aniversário, 14 de maio 1974-75-76$bVisual gráfico]$fADFA$gOrlando Reis 1976 210 #9 $a[S.l.]$cADFA,$d1976 215 ## $a1 cartaz$ccolor.$d63,7x45 cm 317 ## $aColeção Madeira Luís 702 #1 $aReis,$bOrlando$4410$31992846 710 02 $aAssociação dos Deficientes das Forças Armadas$381345 801 #0 $aPT$bBN$gRPC 966 ## $lBN$mICONOG$sCT. 25684 A.$x3 971 ## $cCaticonografia9$d20260320 995 ## $aPRR2026
|
|
|